000 00788nam a2200229 a 4500
005 20240925064941.0
008 020829s1997 mx r 000 0 spa d
020 _a8487767680
035 _aUPN01000118780
049 _aCG
050 4 _aLB1051
_bM4.7
100 1 _aMolina García, Santiago
_929352
245 1 0 _aEscuelas sin fracasos :
_bprevención del fracaso escolar desde la pedagogía interactiva /
_cSantiago Molina García.
260 _aMálaga, Esp. :
_bAljibe,
_cc1997.
300 _a137 p.
440 0 _aBiblioteca de educación
500 _a"Fundación Aragonesa para la Prevención y el Tratamiento del Fracaso Escolar"
650 4 _aPsicología del aprendizaje
_95221
650 4 _aOrientación educativa
_94097
650 4 _aFracaso escolar
_94966
905 _aLibro
999 _c91143
_d91143